Six Flags Great America Rides - Statistics

General Stats
  • This quiz has been taken 76 times
  • The average score is 19 of 35
Answer Stats
Section Ride % Correct
Southwest Territory Raging Bull
88%
Orleans Place Superman: Ultimate Flight
88%
Yankee Harbor Batman: The Ride
86%
County Fair American Eagle
81%
County Fair X Flight
79%
County Fair Goliath
77%
Yankee Harbor The Joker
75%
Southwest Territory Viper
75%
Hometown Square Whizzer
75%
County Fair Demon
72%
Carousel Plaza Columbia Carousel
68%
Yankee Harbor Vertical Velocity
65%
Southwest Territory Giant Drop
60%
Yukon Territory Little Dipper
58%
Orleans Place The Dark Knight
58%
Orleans Place Condor
54%
Metropolis Plaza Justice League: Battle for Metropolis
54%
Southwest Territory Ricochet
53%
Yukon Territory Logger’s Run
47%
County Fair Revolution
47%
Mardi Gras Big Easy Balloons
46%
Southwest Territory Chubasco
42%
Mardi Gras Roaring Rapids
40%
Yankee Harbor Yankee Clipper
40%
Carousel Plaza Sky Trek Tower
39%
County Fair Fiddler’s Fling
37%
Hometown Square Hometown Fun Machine
37%
Southwest Territory River Rocker
37%
Hometown Square Triple Play
37%
Yankee Harbor Whirligig
37%
County Fair Dare Devil Dive
35%
Orleans Place Rue Le Dodge
32%
County Fair Buccaneer Battle
26%
Yukon Territory Winner’s Circle Go Karts
25%
Mardi Gras King Chaos
23%
No matching quizzes found
Score Distribution
Percent of People with Each Score
Percentile by Number Answered
Your Score History
You have not taken this quiz